AFRICA today

Saved in:
Bibliographic Details
Format: Book
Language:English
Published: 1996.
Tags: Add Tag
No Tags, Be the first to tag this record!

MARC

LEADER 00000nam a22000007a 4500
008 201210b ||||| |||| 00| 0 eng d
020 |a : 0-903274-22-1 
245 |a AFRICA today  
260 |c 1996.  |h .London  |i 668413  |l  DT1 .A18 
942 |a lcc  |c BK  |e ifatola j o  |f 10/ 12/ 2020 
952 |0 0  |1 0  |2 lcc  |4 0  |6 DT0001 A18  |7 0  |9 309  |a HOL  |b HOL  |c AF  |d 2020-12-10  |l 0  |o DT1 .A18  |p 2020-2045  |r 2020-12-10 00:00:00  |w 2020-12-10  |y BK 
999 |c 140  |d 140